| 000 | 02966cam a22004458i 4500 | ||
|---|---|---|---|
| 001 | 21214547 | ||
| 005 | 20221011094613.0 | ||
| 008 | 190923s2020 enk b 001 0 eng | ||
| 010 | _a 2019021123 | ||
| 020 |
_a9781138317451 _q(hbk) |
||
| 020 |
_z9780429455193 _q(ebk) |
||
| 020 |
_z9780429847981 _q(Mobi) |
||
| 020 |
_z9780429847998 _q(epub) |
||
| 020 |
_z9780429848001 _q(PDF) |
||
| 040 |
_aDLC _beng _erda _cDLC |
||
| 042 | _apcc | ||
| 043 |
_aa-cc--- _ae------ |
||
| 050 | 0 | 0 |
_aHF1604.Z4 _bE853 2020 |
| 082 | 0 | 0 |
_a382.30951 _bCHI |
| 245 | 0 | 0 |
_aHow China's Silk Road initiative is changing the global economic landscape / _cedited by Yuan Li and Markus Taube. |
| 263 | _a1909 | ||
| 264 | 1 |
_aAbingdon, Oxon ; _aLondon : _bRoutledge, _c2020. |
|
| 300 |
_a290 p. ; _c24 cm. |
||
| 336 |
_atext _btxt _2rdacontent |
||
| 337 |
_aunmediated _bn _2rdamedia |
||
| 338 |
_avolume _bnc _2rdacarrier |
||
| 504 | _aIncludes bibliographical references and index. | ||
| 520 |
_a"China's New Silk Road initiative constitutes one of the most ambitious projects in recent decades designed to change the pattern of the global economic division of labour as well as the geostrategic balance of power. It has the potential to create a new fabric of industrial value creation that links China and East Asia via Central and South Asia with Europe, and to forge new regional and multilateral institutions that complement or compete with existing regional and global governance systems. First proposed in 2013, the new initiative is only now starting to be rolled-out, with trade relations gradually intensifying, and the first investment projects and infrastructure clusters becoming manifest. However, the full impact of the evolving new regional value chains on global goods flows, investment activity, supra-national institution building, as well as their wider international implications, remains undetermined. This book brings together leading scholars from economics, political science and area studies, who present the latest cutting-edge knowledge and the latest state-of-the-art economic and political analysis on how the new initiative is developing and likely to develop"-- _cProvided by publisher. |
||
| 650 | 0 |
_aInternational division of labor. _999755 |
|
| 650 | 0 |
_aInternational economic relations. _9539 |
|
| 650 | 0 | _aBalance of power. | |
| 651 | 0 |
_aChina _xForeign economic relations _zEuropean Union countries. _999756 |
|
| 651 | 0 |
_aEuropean Union countries _xForeign economic relations _zChina. _999757 |
|
| 700 | 1 |
_aLi, Yuan _c(Business teacher) _eeditor. _999758 |
|
| 700 | 1 |
_aTaube, Markus, _d1965- _eeditor. _999759 |
|
| 776 | 0 | 8 |
_iOnline version: _aLi, Yuan, _tHow China's silk road initiative is changing the global economic landscape _b1. _dNew York : 2019. _z9780429455193 _w(DLC) 2019980703 |
| 906 |
_a7 _bcbc _corignew _d1 _eecip _f20 _gy-gencatlg |
||
| 942 |
_2ddc _cBK |
||
| 999 |
_c591647 _d591647 |
||